| 000 -LEADER |
| fixed length control field |
00358nam a2200145Ia 4500 |
| 008 - FIXED-LENGTH DATA ELEMENTS--GENERAL INFORMATION |
| fixed length control field |
220308s9999 xx 000 0 und d |
| 020 ## - INTERNATIONAL STANDARD BOOK NUMBER |
| International Standard Book Number |
9788417412203 |
| 082 ## - DEWEY DECIMAL CLASSIFICATION NUMBER |
| Classification number |
740 WAN |
| 100 ## - MAIN ENTRY--PERSONAL NAME |
| Personal name |
Shaoqiang Wang |
| 245 #0 - TITLE STATEMENT |
| Title |
Playful Graphics |
| 260 ## - PUBLICATION, DISTRIBUTION, ETC. (IMPRINT) |
| Name of publisher, distributor, etc |
Promopress; 2nd ed. edition (27 January 2020) |
| 365 ## - TRADE PRICE |
| Price type code |
USD |
| 365 ## - TRADE PRICE |
| Unit of pricing |
45 |
| 942 ## - ADDED ENTRY ELEMENTS (KOHA) |
| Source of classification or shelving scheme |
|